400 Jahre Litauische Bibel - philologische und theologische Aspekte der Bretkeforschung: Internationale wissenschaftliche Arbeitstagung des Instituts für Baltistik der Ernst-Moritz-Arndt-Universität Greifswald vom 26. bis 29. September 2002
| Titel: | 400 Jahre Litauische Bibel - philologische und theologische Aspekte der Bretkeforschung: Internationale wissenschaftliche Arbeitstagung des Instituts für Baltistik der Ernst-Moritz-Arndt-Universität Greifswald vom 26. bis 29. September 2002 |
|---|---|
| Verfasser: | |
| In: |
Preußenland, Band 40 (2002), Seite 40-44 alle Artikel anzeigen |
| Veröffentlicht: | 2002 |
| Format: | Aufsatz |
| Sprache: | Deutsch |
X
alg: 39265724 001A $01999:11-11-16 001B $01999:28-04-17 $t15:10:14.000 001C $06050:19-11-16 $t08:37:55.000 001D $01999:11-11-16 001U $0utf8 001X $00 002@ $0Aox 003@ $0392657244 007A $0392657244 $aHEB 007T $0Herd63284 010@ $ager 011@ $a2002 021A $a400 Jahre Litauische Bibel - philologische und theologische Aspekte der Bretkeforschung: Internationale wissenschaftliche Arbeitstagung des Instituts für Baltistik der Ernst-Moritz-Arndt-Universität Greifswald vom 26. bis 29. September 2002 028A $#Jähnig, Bernhart Arnulf $7122464400 $8Jähnig, Bernhart$Z1941- [Tp1] $910139912X 031A $d40 $h40-44 $j2002 039B $aIn $8--Abvc--. Preußenland. - Osnabrück : Fibre-Verl., 1963-. - ISSN 0032-7972 $x200200000400000960 $9047115017 045T $a8,1 lok: 39265724 78 exp: 39265724 78 1 #EPN 201B/01 $001-06-24 $t00:06:27.000 201U/01 $0utf8 203@/01 $0788755978 208@/01 $a11-11-16 $be 209A/01 $a/ $f000 $x00 220C/01 $aTitelaufnehmer: jk 244Z/01 $2Trx $#Litauen $#Lithuania $#Litwa $#Litva $#Litva $8--Trx--Lietuva $x01 $9391193457 244Z/01 $2Trx $#Prusy Wschodnie i Zachodnie $8--Trx--Ost- und Westpreußen $x02 $939113373X 244Z/01 $#Greifswald $#Gryphisvaldia $#Universitäts- und Hansestadt Greifswald $#Hansestadt Greifswald $#Gryphiswaldiae $#Greifsvaldas $#Gryfia $#Gryphia $74021965-3 $8--Tg1--Greifswald $x03 $9085053651 244Z/01 $aGeschichte 2002 $x04 244Z/01 $#Bretke, Johannes $#Bretke, Johann $#Bretkūnas, J. $#Bretkunas, I. $#Bretkius, Johann $#Bretkio, Johann $#Bretkunạ, Janạ $#Bretkus, Johannes $#Bretken, Johann $#Bretkun, Jan $7119067897 $8--Tp1--Bretkūnas, Jonas$Z1536-1602 $x05 $9087408147 244Z/01 $2Trx $#konverentsid, teaduslikud $#mokslinės konferencijos $#Conferences, scholarly $#konferenciák, tudományos $#konferencje naukowe $#konferencie, vedecké $#konference vědecké $#Tagungen $#obrady $#zasadania $8--Trx--Konferenzen, wissenschaftliche $x06 $9391373897 244Z/01 $2Trx $#Piibli tõlked $#Biblijos vertimai $#Bible translations $#Bibliafordítások $#biblia, tłumaczenia $#biblia, preklady $#bible, překlady $8--Trx--Bibelübersetzungen $x07 $9391383868 244Z/01 $2Trx $8--Trx--Zeitschriftenaufsatz $x08 $9391384341 244Z/01 $2Trx $#tegevusaruanne $#veiklos ataskaitos $#progress reports $#tevékenységi beszámolók $#sprawozdania z działalności $#správy o činnosti $#zprávy o činnosti $8--Trx--Tätigkeitsberichte $x09 $9391354353 244Z/01 $2Trx $#uuringute aruanne $#mokslinės ataskaitos $#Research reports $#kutatói beszámolók $#sprawozdania z badań $#správy výskumné $#zprávy výzkumné $#Literaturberichte $#správy literárne $8--Trx--Forschungsberichte $x10 $9391383523 245Z/01 $a01.05 $x01 247C/01 $82080>Marburg/Lahn, Herder-Institut, Forschungsbibliothek, Bibliographieportal $9336309341
| LEADER | 00000caa a22000002c 4500 | ||
|---|---|---|---|
| 001 | 392657244 | ||
| 003 | DE-603 | ||
| 005 | 20170428151014.0 | ||
| 007 | tu | ||
| 008 | 161111s2002 xx |||| | u00||u|ger c | ||
| 035 | |a (DE-599)HEB392657244 | ||
| 040 | |a DE-603 |b ger |c DE-603 |d DE-603 | ||
| 041 | |a ger | ||
| 084 | |a 8,1 |2 ssgn | ||
| 100 | 1 | |a Jähnig, Bernhart |d 1941- |0 (DE-603)10139912X |0 (DE-588)122464400 |2 gnd | |
| 245 | 0 | 0 | |a 400 Jahre Litauische Bibel - philologische und theologische Aspekte der Bretkeforschung: Internationale wissenschaftliche Arbeitstagung des Instituts für Baltistik der Ernst-Moritz-Arndt-Universität Greifswald vom 26. bis 29. September 2002 |
| 264 | 0 | |c 2002 | |
| 773 | 0 | 8 | |i In |t Preußenland |d Osnabrück : Fibre-Verl., 1963- |h 24 cm |x 0032-7972 |g Band 40 (2002), Seite 40-44 |w (DE-603)047115017 |w (DE-600)123737-8 |
| 924 | 0 | |9 2080 |a (DE-603)788755978 |b DE-2080 |c HES |d d |g / | |


